Настоящее и будущее семьи в меняющемся мире. Т. 2 (Запись № 11796913)

Подробности
000 -МАРКЕР
контрольное поле 01764nam2a2200313 4500
001 - ИДЕНТИФИКАТОР ЗАПИСИ
контрольное поле RU\NLR\BIBL_A\012079521
005 - ИДЕНТИФИКАТОР ВЕРСИИ
контрольное поле 20190917103543.0
010 ## - МЕЖДУНАРОДНЫЙ СТАНДАРТНЫЙ НОМЕР КНИГИ (ISBN)
Номер (ISBN) 978-5-7425-0189-3
Тираж 1000
021 ## - НОМЕР ГОСУДАРСТВЕННОЙ РЕГИСТРАЦИИ
Код страны Российская Федерация
Номер КН-П-19-054892
Номер Листа государственной регистраци КН-П-19-3943
035 ## - ДРУГИЕ СИСТЕМНЫЕ НОМЕРА
Идентификатор записи (NLR Aleph) 012079521
035 ## - ДРУГИЕ СИСТЕМНЫЕ НОМЕРА
Идентификатор записи (RuMoRGB)010049182
100 ## - ДАННЫЕ ОБЩЕЙ ОБРАБОТКИ
Данные общей обработки 20190823d2018 k y0rusy50 ca
101 0# - ЯЗЫК РЕСУРСА
Язык текста, звукозаписи и т.д. русский
-- английский
Язык резюме английский
Язык оглавления русский
-- английский
102 ## - СТРАНА ПУБЛИКАЦИИ ИЛИ ПРОИЗВОДСТВА
Страна публикации Российская Федерация
105 ## - ПОЛЕ КОДИРОВАННЫХ ДАННЫХ: ТЕКСТОВЫЕ МАТЕРИАЛЫ, МОНОГРАФИЧЕСКИЕ
Кодированные данные о монографическом текстовом документе a|||z|||000zy
200 0# - ЗАГЛАВИЕ И СВЕДЕНИЯ ОБ ОТВЕТСТВЕННОСТИ
Основное заглавие Т. 2
210 ## - ПУБЛИКАЦИЯ, РАСПРОСТРАНЕНИЕ И ДР.
Дата издания, распространения и т.д. 2018
215 ## - ФИЗИЧЕСКАЯ ХАРАКТЕРИСТИКА
Специфическое обозначение материала и объем 215 с.
Другие сведения о физической характеристике ил., табл.
320 ## - ПРИМЕЧАНИЯ О НАЛИЧИИ В ДОКУМЕНТЕ БИБЛИОГРАФИИ / УКАЗАТЕЛЯ
Текст примечания Библиогр.: с. 208-215 (168 назв.), в тексте и в подстроч. примеч.
461 #0 - УРОВЕНЬ НАБОРА
Встроенное поле 001RU\NLR\BIBL_A\012079520
-- 2001#$aНастоящее и будущее семьи в меняющемся мире$vТ. 2
Системный номер (АБИС) связанной записи 11796910
Место публикации Москва
Дата публикации 2018
Первые сведения об ответственности [Римашевская Н.М., чл.-корреспондент РАН, д.э.н., профессор, Александрова О.А., д.э.н., профессор, Алексеева О.А., к.э.н. и др.]
Параллельное заглавие The present and the future of family in the changing world
Имя издателя, распространителя и т.д. Экономическое образование
Сведения, относящиеся к заглавию коллективная монография
Заглавие Настоящее и будущее семьи в меняющемся мире
Номер тома Т. 2
606 1# - НАИМЕНОВАНИЕ ТЕМЫ КАК ПРЕДМЕТ
Наименование темы Семья
Тематический подзаголовок Демографические исследования
Географический подзаголовок Российская Федерация
Системный номер авторитетной/нормативной записи 2311581
Идентификатор авторитетной/нормативной записи RU\NLR\AUTH\661383418
606 1# - НАИМЕНОВАНИЕ ТЕМЫ КАК ПРЕДМЕТ
Наименование темы Семья
Тематический подзаголовок Социологические исследования
Географический подзаголовок Российская Федерация
Системный номер авторитетной/нормативной записи 2193895
Идентификатор авторитетной/нормативной записи RU\NLR\AUTH\661318659
686 1# - ИНДЕКСЫ ДРУГИХ КЛАССИФИКАЦИЙ
Индекс С73(2)74-242
686 1# - ИНДЕКСЫ ДРУГИХ КЛАССИФИКАЦИЙ
Индекс С550.537
942 ## - ДОПОЛНИТЕЛЬНЫЕ ЭЛЕМЕНТЫ ЗАПИСИ (АБИС)
Тип экземпляра АБИС Книга
980 ## - КОЛЛЕКЦИЯ
Название коллекции Национальная библиография
Экземпляры
Тип экземпляра Дата поступления Источник поступления Стоимость Библиотека постоянного хранения Библиотека текущего хранения Место хранения Шифр хранения Штрих-код Статус экземпляра
Книга 23.08.2019 Обязательный экземпляр 0.00 РНБ (Московский) РНБ (Московский) Русский книжный фонд: издания с 1957 года 2019-7/5190 1-2838340  
Книга 23.08.2019 Обязательный экземпляр 0.00 РНБ (Московский) РНБ (Московский) Русский книжный фонд: издания с 1957 года 2019-7/5190 1-2838341